| 000 | 00838nam a22002177a 4500 | ||
|---|---|---|---|
| 999 |
_c19525 _d19525 |
||
| 003 | AR-CdUCM | ||
| 008 | 190517b ||||| |||| 00| 0 spa d | ||
| 040 |
_aMUNICIPALIDAD PROVINCIAL DEL CUSCO _cBIBLIOTECA MUNICIPAL DEL CUSCO |
||
| 082 |
_a620.135 / _bG75 |
||
| 100 |
_aGotthard, Franz _940903 |
||
| 245 | _aTratado del hormigón armado / | ||
| 260 |
_aBarcelona : _bGustavo Gili, _c1971. |
||
| 300 |
_a432 paginas ; _bIlustraciones, diagramas, cuadros, _c25 cm. |
||
| 505 | _aContenido : t.2 -- Estructuras de barras -- Vigas -- Pórticos -- Estructuras plegadas -- Comportamiento de las cascaras.. | ||
| 650 |
_aEl hormigón _940904 |
||
| 650 |
_aAsentamiento de terrenos _940905 |
||
| 650 |
_aElementos del hormigón _940906 |
||
| 700 |
_aZwecker, Enrique (Traducción) _940907 |
||
| 942 |
_2ddc _cLIBROS |
||
| 945 |
_arcc _d2019-05-17 |
||